| 000 | 00898nam a2200241 i 4500 | ||
|---|---|---|---|
| 001 | bg | ||
| 100 | 1 | _aCHRZANOWSKA, Agnieszka | |
| 245 | 1 | 0 |
_aElastic and granular properties of two-dimensional hard needles / _cAgnieszka Chrzanowska ; Politechnika im. Tadeusza Kościuszki. |
| 260 |
_aKraków : _bWydawnictwo PK, _c2006. |
||
| 300 |
_a173 s. : _brys., wykr. ; _c24 cm. |
||
| 490 | 1 | _aMonografia / Politechnika Krakowska im. Tadeusza Kościuszki. Podstawowe Nauki Techniczne | |
| 500 | _aStreszcz. ang., franc., pol. | ||
| 500 | _aISSN i numeracja serii gł.: 0860-097X, 335. | ||
| 504 | _aBibliogr. | ||
| 650 | 9 | _aFizyka molekularna | |
| 830 | 0 |
_aMonografia (Politechnika Krakowska im. Tadeusza Kościuszki). _pPodstawowe Nauki Techniczne |
|
| 040 | _cBPK | ||
| 041 | 0 | _bengfra | |
| 041 | _apol | ||
| 080 | _a539.19:538.91 | ||
| 942 | _cKS | ||
| 008 | s pl f |000 0 pol | ||
| 999 |
_c53286 _d53286 |
||
| 856 |
_uhttp://koha.tu.koszalin.pl/cgi-bin/koha/opac-detail.pl?biblionumber=53286 _yKatalog online BPK |
||